| 000 | 01015nam a22002297a 4500 | ||
|---|---|---|---|
| 999 |
_c7258 _d7258 |
||
| 003 | AR-CdUCM | ||
| 008 | 190320b ||||| |||| 00| 0 spa d | ||
| 040 |
_aMUNICIPALIDAD PROVINCIAL DEL CUSCO _cBIBLIOTECA MUNICIPAL DEL CUSCO |
||
| 041 | _hrus | ||
| 082 |
_a621.902 / _bSE37 |
||
| 100 |
_aSelivanov, I. A _920454 |
||
| 245 | _aFundamentos de la teoría del envejecimiento de la maquinaria / | ||
| 260 |
_aMoscú : _bMIR, _c1972. |
||
| 300 |
_a391 páginas ; _bfiguras, diagramas, _c22 cm. |
||
| 505 | _aContenido: Sobre el contenido de la teoría de las máquinas -- Análisis del estado de las máquinas en el periodo de su uso y envejecimiento -- Desgaste sumario de las máquinas -- Determinación de los plazos de servicio de las máquinas y de sus elementos constructivos y no constructivos ... | ||
| 650 |
_aMáquinas herramientas _920455 |
||
| 650 |
_aProblemas técnicos _920456 |
||
| 650 |
_aSoluciones _920457 |
||
| 700 |
_aYudkevich, E. (traducción) _920458 |
||
| 942 |
_2ddc _cLIBROS |
||
| 945 | _aachl | ||